| 000 | 00982pam a2200337 a 4500 | ||
|---|---|---|---|
| 999 |
_c1455 _d1455 |
||
| 001 | 013414800 | ||
| 003 | Uk | ||
| 005 | 20221229220119.0 | ||
| 008 | 060124s2006 enk j 000 f eng d | ||
| 015 |
_aGBA627557 _2bnb |
||
| 016 | 7 |
_a013414800 _2Uk |
|
| 020 | _a9780552554381 (pbk.) : | ||
| 020 | _a0552554383 (pbk.) : | ||
| 040 |
_aStDuBDS _beng _cStDuBDS _dUk _dKH8 |
||
| 042 | _aukblcatcopy | ||
| 082 | 0 | 4 |
_a823.914 FIN _222 |
| 100 | 1 |
_aFine, Anne. _eauthor |
|
| 245 | 1 | 4 |
_aThe granny project / _cAnne Fine. |
| 250 | _aUpdated ed. | ||
| 260 |
_aLondon : _bCorgi, _c2006. |
||
| 300 |
_a217 p. ; _c20 cm. |
||
| 336 |
_atext _2rdacontent |
||
| 337 |
_aunmediated _2rdamedia |
||
| 338 |
_avolume _2rdacarrier |
||
| 500 | _aPrevious ed.: London: Methuen Children's, 1983. | ||
| 500 |
_aFormerly CIP. _5Uk |
||
| 650 | 0 |
_aGrandparent and child _vJuvenile fiction. |
|
| 650 | 0 |
_aGrandmothers _xHome care _vJuvenile fiction. |
|
| 655 | 0 | _aChildren's stories. | |
| 942 |
_2ddc _cNFIC |
||